[Event "M.Chigorin Memorial 2017 "]
[Site "?????-?????????"]
[Date "2017.10.27"]
[Round "7"]
[Board "176"]
[White "Petrova, Varvara"]
[Black "Koltsova, Alisa"]
[Result "1/2-1/2"]
[WhiteElo "1362"]
[BlackElo "1378"]
[PlyCount "30"]
[EventDate "2017.10.21"]
[EventRounds "9"]
[EventCountry "RUS"]

1. e4 e5 2. Nf3 Nf6 3. Nxe5 d6 4. Nc4 Nxe4 5. d4 d5 6. Ne3 Be6 7. Bd3 c6 8. O-O
Bd6 9. c3 O-O 10. Nd2 Nxd2 11. Bxd2 Nd7 12. Qc2 Nf6 13. Nf5 Bxf5 14. Bxf5 Qc7
15. g3 Rfe8  1/2-1/2

[Event "M.Chigorin Memorial 2017 "]
[Site "?????-?????????"]
[Date "2017.10.27"]
[Round "7"]
[Board "177"]
[White "Sviridov, Leon"]
[Black "Shceglov, Mikhail"]
[Result "0-1"]
[WhiteElo "1427"]
[BlackElo "1503"]
[PlyCount "24"]
[EventDate "2017.10.21"]
[EventRounds "9"]
[EventCountry "RUS"]

1. e4 c5 2. Nf3 Nc6 3. d4 cxd4 4. Nxd4 Nf6 5. Nc3 d6 6. Bg5 e6 7. Qd2 Be7 8. f4
a6 9. O-O-O Qc7 10. Bxf6 gxf6 11. f5 Bd7 12. Be2 O-O-O  0-1

[Event "M.Chigorin Memorial 2017 "]
[Site "?????-?????????"]
[Date "2017.10.28"]
[Round "8"]
[Board "1"]
[White "Alekseenko, Kirill"]
[Black "Artemiev, Vladislav"]
[Result "1-0"]
[WhiteElo "2563"]
[BlackElo "2696"]
[PlyCount "139"]
[EventDate "2017.10.21"]
[EventRounds "9"]
[EventCountry "RUS"]

1. e4 c5 2. Nf3 e6 3. d4 cxd4 4. Nxd4 Nc6 5. Nc3 a6 6. Be2 d6 7. O-O Nf6 8. Be3
Be7 9. f4 O-O 10. a4 Bd7 11. Nb3 e5 12. Kh1 exf4 13. Bxf4 Be6 14. Qd2 d5 15. e5
Ne4 16. Nxe4 dxe4 17. Qe3 Bxb3 18. cxb3 Qd4 19. Qg3 Qxb2 20. Bc4 Rad8 21. Rae1
Qd4 22. Re2 Kh8 23. Qe1 f5 24. exf6 Bxf6 25. Rxe4 Qc3 26. Bc7 Qxe1 27. Rfxe1
Bc3 28. Bxd8 Bxe1 29. Bb6 Ba5 30. Be3 Rd8 31. g3 h6 32. Kg2 Bc7 33. Be2 Kg8 34.
h4 Be5 35. Kh3 Kf7 36. h5 Kf6 37. Bb6 Rd2 38. Bc4 Ne7 39. Re1 Nd5 40. Ba5 Rd4
41. Bd8+ Kf5 42. g4+ Kf4 43. Bh4 Bf6 44. Bg3+ Kf3 45. Be2+ Ke3 46. Bxa6+ Kd2
47. Bxb7 Nf4+ 48. Kh2 Ne2 49. Bf2 Rf4 50. Rf1 Be5 51. Kh3 Kc2 52. a5 Rb4 53.
Bb6 Rxb3+ 54. Kg2 Nf4+ 55. Kh1 Rh3+ 56. Kg1 Rg3+ 57. Kf2 Nd3+ 58. Ke2 Nf4+ 59.
Rxf4 Bxf4 60. a6 Bb8 61. Bf3 Rh3 62. a7 Rh2+ 63. Ke3 Bxa7 64. Bxa7 Rd2 65. Bd4
Rd3+ 66. Ke4 Ra3 67. Bxg7 Ra6 68. Kf4 Kd3 69. Be4+ Kc4 70. Bg6  1-0

[Event "M.Chigorin Memorial 2017 "]
[Site "?????-?????????"]
[Date "2017.10.28"]
[Round "8"]
[Board "2"]
[White "Paravyan, David"]
[Black "Gordievsky, Dmitry"]
[Result "1-0"]
[WhiteElo "2548"]
[BlackElo "2605"]
[PlyCount "139"]
[EventDate "2017.10.21"]
[EventRounds "9"]
[EventCountry "RUS"]

1. e4 c5 2. Nf3 e6 3. d4 cxd4 4. Nxd4 Nc6 5. c3 Be7 6. Be2 Qc7 7. c4 b6 8. Nc3
Bb7 9. f4 Bh4+ 10. g3 Be7 11. Nf3 d6 12. g4 Nf6 13. g5 Nd7 14. Be3 Rc8 15. Rc1
Qb8 16. a3 Na5 17. Nd2 h6 18. b4 Nc6 19. Nf3 hxg5 20. Nxg5 Bxg5 21. fxg5 Nce5
22. Bf4 a6 23. O-O Nxc4 24. g6 f6 25. Bxc4 Rxc4 26. Bxd6 Qd8 27. Ne2 b5 28.
Rxc4 bxc4 29. Qd4 Qb6 30. Rc1 Rh6 31. Rxc4 Rxg6+ 32. Kf2 Qb5 33. Bg3 e5 34. Qd3
Nb6 35. Rc3 Qxd3 36. Rxd3 Nc4 37. Nc3 Nxa3 38. Na4 Nb5 39. Nc5 Bc8 40. Rd1 Ke7
41. Ra1 Nc7 42. Rc1 Nb5 43. Ra1 Nd6 44. Kf3 Rg4 45. Rc1 Rg5 46. Ra1 Rg4 47. Rc1
Nb5 48. Ra1 Nd4+ 49. Kf2 Nc2 50. Ra4 Kd8 51. Ke2 Nd4+ 52. Kd3 Nc6 53. Ke3 Kc7
54. Nxa6+ Bxa6 55. Rxa6 Nxb4 56. Ra7+ Kd6 57. Kf3 Rg6 58. Bf2 Nc6 59. Ra8 Rh6
60. Rg8 Rh7 61. h4 Kd7 62. Bc5 Nd8 63. Kg4 Ne6 64. Be3 Ke7 65. h5 Kf7 66. Ra8
Ke7 67. Ra7+ Ke8 68. h6 Kf8 69. Kf5 Ng5 70. Bc5+  1-0

[Event "M.Chigorin Memorial 2017 "]
[Site "?????-?????????"]
[Date "2017.10.28"]
[Round "8"]
[Board "4"]
[White "Sethuraman, S.P."]
[Black "Triapishko, Alexandr"]
[Result "1-0"]
[WhiteElo "2632"]
[BlackElo "2508"]
[PlyCount "91"]
[EventDate "2017.10.21"]
[EventRounds "9"]
[EventCountry "RUS"]

1. d4 Nf6 2. c4 g6 3. f3 Bg7 4. e4 d6 5. Nc3 O-O 6. Be3 c5 7. Nge2 Nc6 8. d5
Ne5 9. Ng3 e6 10. Be2 b5 11. Nxb5 exd5 12. cxd5 Rb8 13. Qd2 h5 14. O-O h4 15.
Nh1 h3 16. Ng3 Bd7 17. Nc3 Rb4 18. b3 Kh7 19. Bg5 hxg2 20. Kxg2 Qc8 21. Rfc1
Nh5 22. Nxh5 gxh5 23. Kh1 f5 24. Rf1 Rd4 25. Qe3 Ng6 26. Bc4 f4 27. Qe1 Ne5 28.
Ne2 Nxc4 29. bxc4 Rxc4 30. Rb1 Qe8 31. Nxf4 Qe5 32. Qh4 Bg4 33. fxg4 Qxe4+ 34.
Ng2 Rxf1+ 35. Rxf1 Rc2 36. Qxh5+ Kg8 37. Qf7+ Kh8 38. Qf3 Qxf3 39. Rxf3 Rxa2
40. Nf4 Bd4 41. Ne6 Ra1+ 42. Kg2 Ra2+ 43. Kh3 Be5 44. Bf6+ Bxf6 45. Rxf6 c4 46.
g5  1-0

[Event "M.Chigorin Memorial 2017 "]
[Site "?????-?????????"]
[Date "2017.10.28"]
[Round "8"]
[Board "5"]
[White "Sjugirov, Sanan"]
[Black "Geller, Jakov"]
[Result "1-0"]
[WhiteElo "2650"]
[BlackElo "2526"]
[PlyCount "77"]
[EventDate "2017.10.21"]
[EventRounds "9"]
[EventCountry "RUS"]

1. Nf3 d5 2. g3 Nf6 3. Bg2 c6 4. O-O Bf5 5. d3 e6 6. Nh4 Bg4 7. h3 Bh5 8. Qe1
Be7 9. f4 O-O 10. Nd2 a5 11. Ndf3 Bxf3 12. Nxf3 a4 13. a3 Na6 14. Kh1 b5 15. g4
Nd7 16. e4 dxe4 17. dxe4 e5 18. f5 f6 19. Bd2 Nb6 20. Rd1 Nc4 21. Bc1 Qc7 22.
Qg3 Rad8 23. Rde1 Nc5 24. h4 Rd7 25. g5 Rfd8 26. Rg1 Nd6 27. Nh2 Nc4 28. Ng4
Kh8 29. gxf6 Bxf6 30. h5 Nd2 31. Nxf6 gxf6 32. Qh4 Rf8 33. Qf2 Qd6 34. Bxd2
Qxd2 35. Qxc5 Rg8 36. Qe3 Rg5 37. Bf3 Rxg1+ 38. Qxg1 Rg7 39. Qe3  1-0

[Event "M.Chigorin Memorial 2017 "]
[Site "?????-?????????"]
[Date "2017.10.28"]
[Round "8"]
[Board "6"]
[White "Sarana, Alexey"]
[Black "Volkov, Sergey"]
[Result "1-0"]
[WhiteElo "2543"]
[BlackElo "2638"]
[PlyCount "137"]
[EventDate "2017.10.21"]
[EventRounds "9"]
[EventCountry "RUS"]

1. d4 d5 2. c4 c6 3. Nf3 Nf6 4. Nc3 a6 5. e3 b5 6. b3 Bg4 7. Be2 e6 8. h3 Bf5
9. g4 Bg6 10. Ne5 Ne4 11. Nxe4 Bxe4 12. f3 Qh4+ 13. Kf1 Bg6 14. Qe1 Qd8 15. h4
f6 16. Nxg6 hxg6 17. Bd3 f5 18. Qg3 Bd6 19. f4 Kf8 20. c5 Bc7 21. a4 b4 22. a5
Nd7 23. g5 Bxa5 24. Bd2 Bc7 25. Rxa6 Rxa6 26. Bxa6 Qa8 27. Bd3 Qa2 28. Ke2 Ke7
29. Rb1 e5 30. fxe5 Nf8 31. Kd1 Ne6 32. Be1 f4 33. exf4 Nxd4 34. Qe3 Ne6 35.
Bxg6 Rf8 36. Bg3 d4 37. Qd2 Qxd2+ 38. Kxd2 Nxf4 39. Be4 Nh5 40. Be1 Bxe5 41.
Ra1 Nf4 42. Ra7+ Ke6 43. Ra6 d3 44. Rxc6+ Kd7 45. Ke3 Re8 46. Ra6 Bb8 47. Kf3
Nd5 48. Bf5+ Kd8 49. Re6 Rf8 50. Kg4 g6 51. Bxg6 Nf4 52. Ra6 Ng2 53. Bd2 Rf2
54. Ra8 Rxd2 55. Rxb8+ Kc7 56. Rxb4 Ne3+ 57. Kh5 Rd1 58. Rd4 d2 59. Be4 Nf1 60.
Bf3 Re1 61. g6 Re7 62. Kh6 Re6 63. Kh7 Ng3 64. g7 Re7 65. Rxd2 Nf5 66. Rg2 Nxh4
67. Bd5 Nf5 68. Rg5 Re6 69. Bxe6  1-0

[Event "M.Chigorin Memorial 2017 "]
[Site "?????-?????????"]
[Date "2017.10.28"]
[Round "8"]
[Board "7"]
[White "Tsydypov, Zhamsaran"]
[Black "Kokarev, Dmitry"]
[Result "1-0"]
[WhiteElo "2529"]
[BlackElo "2622"]
[PlyCount "73"]
[EventDate "2017.10.21"]
[EventRounds "9"]
[EventCountry "RUS"]

1. e4 c5 2. Nf3 d6 3. d4 cxd4 4. Nxd4 Nf6 5. Nc3 a6 6. Be2 e5 7. Nb3 Be7 8. O-O
O-O 9. Qd3 Nbd7 10. a4 b6 11. Qg3 Re8 12. Bh6 Bf8 13. Rad1 Bb7 14. Nd2 Nc5 15.
Bg5 Ne6 16. Bxf6 Qxf6 17. Nc4 b5 18. axb5 Nf4 19. Nb6 Bxe4 20. Bf3 d5 21. Nxa8
Rxa8 22. Bxe4 dxe4 23. Qe3 axb5 24. Qxe4 Rc8 25. Nd5 Nxd5 26. Rxd5 b4 27. Re1
g6 28. Rxe5 h5 29. g3 Bc5 30. Re8+ Rxe8 31. Qxe8+ Kg7 32. Re2 Bd4 33. Qe4 Bxb2
34. Qxb4 Bd4 35. Qb7 h4 36. Qe4 h3 37. Qg4  1-0

[Event "M.Chigorin Memorial 2017 "]
[Site "?????-?????????"]
[Date "2017.10.28"]
[Round "8"]
[Board "8"]
[White "Predke, Alexandr"]
[Black "Lugovskoy, Maxim"]
[Result "1-0"]
[WhiteElo "2601"]
[BlackElo "2474"]
[PlyCount "51"]
[EventDate "2017.10.21"]
[EventRounds "9"]
[EventCountry "RUS"]

1. e4 e6 2. d4 d5 3. Nc3 Nf6 4. e5 Nfd7 5. f4 c5 6. Nf3 Be7 7. Be3 b6 8. Qd2
O-O 9. h4 Nc6 10. h5 cxd4 11. Nxd4 Nxd4 12. Bxd4 Nc5 13. O-O-O b5 14. Nxb5 Ne4
15. Qe3 Qa5 16. Kb1 Rb8 17. Nc3 Nc5 18. f5 Rd8 19. f6 Bf8 20. fxg7 Be7 21. Rh3
Rd7 22. b3 Rdb7 23. Bxc5 Bxc5 24. Qh6 Qa3 25. Ne4 Be7 26. Nd2  1-0

[Event "M.Chigorin Memorial 2017 "]
[Site "?????-?????????"]
[Date "2017.10.28"]
[Round "8"]
[Board "9"]
[White "Burmakin, Vladimir"]
[Black "Sengupta, Deep"]
[Result "0-1"]
[WhiteElo "2515"]
[BlackElo "2587"]
[PlyCount "66"]
[EventDate "2017.10.21"]
[EventRounds "9"]
[EventCountry "RUS"]

1. Nf3 d5 2. g3 Nf6 3. c4 c6 4. b3 Bg4 5. Bg2 Nbd7 6. Bb2 e6 7. O-O Bd6 8. d3
O-O 9. h3 Bh5 10. Nc3 Qe7 11. Rc1 Ba3 12. Qc2 Rad8 13. Nb1 Bxb2 14. Qxb2 Qd6
15. Qa3 Qb8 16. Nbd2 Rfe8 17. Rfe1 e5 18. cxd5 cxd5 19. g4 Bg6 20. Nh4 Nf8 21.
Qa5 Ne6 22. Nxg6 hxg6 23. Nf3 e4 24. dxe4 dxe4 25. Nh2 b6 26. Qa3 Nf4 27. Nf1
N6d5 28. b4 Nxg2 29. Kxg2 Nf4+ 30. Kg1 e3 31. Nxe3 Nxh3+ 32. Kg2 Nxf2 33. Rf1
Nd3  0-1

[Event "M.Chigorin Memorial 2017 "]
[Site "?????-?????????"]
[Date "2017.10.28"]
[Round "8"]
[Board "10"]
[White "Mikaelyan, Arman"]
[Black "Batchuluun, Tsegmed"]
[Result "1/2-1/2"]
[WhiteElo "2503"]
[BlackElo "2571"]
[PlyCount "164"]
[EventDate "2017.10.21"]
[EventRounds "9"]
[EventCountry "RUS"]

1. d4 Nf6 2. c4 e6 3. Nf3 d5 4. Nc3 Be7 5. Bf4 O-O 6. e3 Nbd7 7. Qc2 c5 8. cxd5
cxd4 9. exd4 Nxd5 10. Nxd5 exd5 11. a3 Re8 12. Be2 Nf8 13. O-O Bd6 14. Bxd6
Qxd6 15. Bd3 Bg4 16. Ne5 Bh5 17. Bf5 f6 18. Nd3 Bg6 19. Bxg6 Nxg6 20. Qb3 b6
21. Rfe1 Kf8 22. g3 Rxe1+ 23. Rxe1 Re8 24. Rc1 Qd7 25. a4 Ne7 26. a5 Qd6 27. a6
Rc8 28. Re1 Nc6 29. Nf4 Re8 30. Rxe8+ Kxe8 31. Nxd5 Nxd4 32. Qa4+ Nc6 33. Nxb6
Kd8 34. Nc4 Qd5 35. Ne3 Qe6 36. Qa3 Kc7 37. Qd3 g6 38. Qb5 Kd8 39. Qc5 Kd7 40.
b4 Qe5 41. Qxe5 Nxe5 42. b5 Kc8 43. Kg2 f5 44. f4 Nf7 45. Nc4 Kc7 46. Kf3 Nd8
47. Ke3 Ne6 48. Kd3 h6 49. Ke3 g5 50. h3 gxf4+ 51. gxf4 h5 52. h4 Nf8 53. Kf3
Ne6 54. Ke3 Nf8 55. b6+ axb6 56. Nd6 Kb8 57. Nxf5 Ng6 58. Kf3 Ka7 59. Kg3 b5
60. Nd4 Kxa6 61. f5 Nf8 62. Kf4 Nh7 63. Ke5 b4 64. f6 Kb6 65. Nb3 Kb5 66. f7
Kc4 67. Na5+ Kb5 68. Nb3 Kc4 69. Nd2+ Kd3 70. Ne4 b3 71. Nc5+ Kc4 72. Nxb3 Kxb3
73. Kf5 Kc4 74. Kg6 Nf8+ 75. Kxh5 Kd5 76. Kh6 Ke6 77. Kg7 Ke7 78. h5 Nh7 79. h6
Nf8 80. Kg8 Nh7 81. f8=Q+ Nxf8 82. h7 Nxh7  1/2-1/2

[Event "M.Chigorin Memorial 2017 "]
[Site "?????-?????????"]
[Date "2017.10.28"]
[Round "8"]
[Board "11"]
[White "Vorobiov, Evgeny E."]
[Black "Liu, Yan"]
[Result "1/2-1/2"]
[WhiteElo "2555"]
[BlackElo "2422"]
[PlyCount "106"]
[EventDate "2017.10.21"]
[EventRounds "9"]
[EventCountry "RUS"]

1. Nf3 Nf6 2. c4 e6 3. g3 b6 4. Bg2 Bb7 5. O-O Be7 6. Nc3 O-O 7. Re1 Ne4 8.
Nxe4 Bxe4 9. d3 Bb7 10. e4 c5 11. d4 d6 12. b3 Nd7 13. Bb2 Qc7 14. Rc1 Bf6 15.
Qe2 Rad8 16. e5 dxe5 17. dxe5 Be7 18. Nd2 Bxg2 19. Kxg2 Nb8 20. Rcd1 Nc6 21.
Nf3 Rxd1 22. Rxd1 Rd8 23. Rxd8+ Qxd8 24. Bc3 Qd7 25. Qe4 f5 26. exf6 Bxf6 27.
Bd2 Ne7 28. Bf4 Qc6 29. Nd2 Kf7 30. f3 Qxe4 31. Nxe4 Nc6 32. Bd2 Ke7 33. g4 Bd4
34. Ng5 h6 35. Ne4 a6 36. h4 Kd7 37. h5 b5 38. cxb5 axb5 39. Kf1 Ne5 40. Ke2
Kc6 41. Be3 Kd5 42. Bxd4 cxd4 43. a4 bxa4 44. bxa4 Nxg4 45. a5 Ne5 46. a6 Nc6
47. Kd2 e5 48. Ke2 Ke6 49. Nc5+ Kf5 50. Nd3 Na7 51. Kd2 Nc6 52. Ke2 Na7 53. Kd2
Nc6  1/2-1/2

[Event "M.Chigorin Memorial 2017 "]
[Site "?????-?????????"]
[Date "2017.10.28"]
[Round "8"]
[Board "12"]
[White "Abdusattorov, Nodirbek"]
[Black "Timofeev, Artyom"]
[Result "1/2-1/2"]
[WhiteElo "2498"]
[BlackElo "2549"]
[PlyCount "58"]
[EventDate "2017.10.21"]
[EventRounds "9"]
[EventCountry "RUS"]

1. e4 c5 2. Nf3 d6 3. Bb5+ Bd7 4. c4 Nf6 5. Nc3 a6 6. Bxd7+ Nbxd7 7. O-O Rc8 8.
b3 Ne5 9. Ne1 g6 10. Bb2 Bg7 11. f4 Nc6 12. d3 O-O 13. Nf3 Nd7 14. Qc1 Nd4 15.
Nxd4 Bxd4+ 16. Kh1 e6 17. Ne2 Bxb2 18. Qxb2 f5 19. Rae1 Qf6 20. Qd2 Rce8 21.
exf5 exf5 22. d4 cxd4 23. Nxd4 Nc5 24. Nf3 Ne4 25. Qd5+ Qf7 26. Qd4 Qf6 27.
Qd5+ Qf7 28. Qd4 Qf6 29. Qd5+ Qf7  1/2-1/2

[Event "M.Chigorin Memorial 2017 "]
[Site "?????-?????????"]
[Date "2017.10.28"]
[Round "8"]
[Board "13"]
[White "Vokhidov, Shamsiddin"]
[Black "Alekseev, Evgeny"]
[Result "0-1"]
[WhiteElo "2399"]
[BlackElo "2622"]
[PlyCount "142"]
[EventDate "2017.10.21"]
[EventRounds "9"]
[EventCountry "RUS"]

1. e4 c5 2. Nf3 Nc6 3. d4 cxd4 4. Nxd4 Qb6 5. Nb3 Nf6 6. Nc3 e6 7. Bd3 d6 8.
O-O Be7 9. Bg5 O-O 10. Qd2 Ne5 11. Rae1 Rd8 12. Kh1 h6 13. Be3 Qc7 14. Nb5 Qb8
15. f4 Nxd3 16. cxd3 Bd7 17. Nc3 b5 18. f5 Ng4 19. Bf4 b4 20. Nd1 e5 21. Bg3
Bb5 22. f6 Nxf6 23. Bh4 Nd5 24. Bxe7 Nxe7 25. Ne3 Bd7 26. d4 a5 27. Qf2 Rf8 28.
dxe5 dxe5 29. Qg3 Kh7 30. Rf2 Be6 31. Nc5 Qd6 32. Rc2 Nc6 33. Nxe6 Qxe6 34. Rc5
Rac8 35. b3 Rfd8 36. Nc4 f6 37. Nb6 Rb8 38. Nd5 Ne7 39. Nxe7 Qxe7 40. Rxa5 Qc7
41. Rd5 Qc2 42. Qf3 Qxa2 43. Red1 Rg8 44. Rd7 Kh8 45. h3 Rbc8 46. Rb7 Rc5 47.
Qg4 Qf2 48. Rd8 Qf1+ 49. Kh2 Qf4+ 50. Qxf4 exf4 51. Rxg8+ Kxg8 52. Rxb4 Re5 53.
Kg1 g5 54. Rb7 Rxe4 55. Kf2 Kf8 56. Kf3 Re7 57. Rb8+ Kf7 58. Kg4 Re2 59. Kf3
Re3+ 60. Kf2 Kg6 61. b4 Rb3 62. b5 Kh5 63. b6 Kh4 64. b7 h5 65. Rf8 Rxb7 66.
Rxf6 Rb2+ 67. Kf3 g4+ 68. hxg4 hxg4+ 69. Kxf4 Rf2+ 70. Ke5 Rxg2 71. Rf4 Kh3  0-1

[Event "M.Chigorin Memorial 2017 "]
[Site "?????-?????????"]
[Date "2017.10.28"]
[Round "8"]
[Board "14"]
[White "Palchun, Grigory"]
[Black "Kobalia, Mikhail"]
[Result "0-1"]
[WhiteElo "2441"]
[BlackElo "2596"]
[PlyCount "56"]
[EventDate "2017.10.21"]
[EventRounds "9"]
[EventCountry "RUS"]

1. d4 d5 2. Bf4 c5 3. e3 Nc6 4. c3 Bf5 5. Nd2 cxd4 6. exd4 e6 7. Qb3 Bd6 8.
Qxb7 Bxf4 9. Qxc6+ Kf8 10. Ngf3 Nf6 11. g3 Bd6 12. Nh4 Rb8 13. Nxf5 exf5 14.
Rb1 Rb6 15. Qa4 Qe7+ 16. Be2 h5 17. Nf3 h4 18. gxh4 Rxh4 19. Qc2 Rf4 20. Qd3
Ne4 21. Kf1 g5 22. h3 g4 23. hxg4 fxg4 24. Ne5 Bxe5 25. dxe5 Qc5 26. Ke1 Qxf2+
27. Kd1 Qg2 28. Kc2 Rf3  0-1

[Event "M.Chigorin Memorial 2017 "]
[Site "?????-?????????"]
[Date "2017.10.28"]
[Round "8"]
[Board "15"]
[White "Sakaev, Konstantin"]
[Black "Yakubboev, Nodirbek"]
[Result "0-1"]
[WhiteElo "2594"]
[BlackElo "2437"]
[PlyCount "96"]
[EventDate "2017.10.21"]
[EventRounds "9"]
[EventCountry "RUS"]

1. d4 Nf6 2. c4 e6 3. Nf3 b6 4. g3 Bb7 5. Bg2 Bb4+ 6. Bd2 a5 7. O-O O-O 8. Bf4
Be7 9. Nc3 Ne4 10. Qc2 Nxc3 11. Qxc3 d6 12. Rfe1 f5 13. Qe3 Qc8 14. Rad1 Na6
15. Bg5 Bf6 16. Bxf6 Rxf6 17. Qc3 Qe8 18. Nh4 Bxg2 19. Nxg2 Nb4 20. a3 Nc6 21.
d5 Nd8 22. e4 fxe4 23. Rxe4 e5 24. Rf1 Qg6 25. Re2 Qh5 26. Qd3 Nf7 27. f4 Rf8
28. Ref2 Nh6 29. Qe2 Qh3 30. Ne3 exf4 31. Rxf4 Rxf4 32. Rxf4 Rxf4 33. gxf4 Kf8
34. Nf1 Qf5 35. Qe3 Ng4 36. Qd4 Qc2 37. h3 Nf6 38. Nd2 Qf5 39. Nf3 Qxh3 40. Ng5
Qg3+ 41. Kf1 h5 42. Ne6+ Kg8 43. Qf2 Qd3+ 44. Qe2 Qf5 45. Kg2 Ne4 46. Kh2 Nc5
47. Nxc5 Qxf4+ 48. Kg2 Qg5+  0-1

[Event "M.Chigorin Memorial 2017 "]
[Site "?????-?????????"]
[Date "2017.10.28"]
[Round "8"]
[Board "16"]
[White "Boruchovsky, Avital"]
[Black "Gogolev, Artem"]
[Result "1/2-1/2"]
[WhiteElo "2565"]
[BlackElo "2427"]
[PlyCount "140"]
[EventDate "2017.10.21"]
[EventRounds "9"]
[EventCountry "RUS"]

1. e4 c6 2. d4 d5 3. e5 Bf5 4. Nf3 e6 5. Be2 c5 6. Be3 cxd4 7. Nxd4 Ne7 8. Nc3
Nbc6 9. Ncb5 Nxe5 10. Bf4 N7c6 11. Nxf5 exf5 12. Bxe5 Nxe5 13. Qxd5 Qxd5 14.
Nc7+ Kd7 15. Nxd5 Rd8 16. O-O-O Kc6 17. Ne3 Bc5 18. Nxf5 Bxf2 19. Rhf1 Rxd1+
20. Bxd1 Bc5 21. Nxg7 Rg8 22. Re1 Rxg7 23. Rxe5 Kd6 24. Re2 f5 25. Kb1 Re7 26.
Rxe7 Kxe7 27. Bf3 b6 28. c3 Bg1 29. h3 a5 30. b4 axb4 31. cxb4 Kd6 32. Kc2 Bd4
33. Kd3 Bf6 34. Kc4 f4 35. a4 h6 36. Kd3 Kc7 37. Ke4 Bg5 38. Kf5 Kd6 39. Be4
Kc7 40. Ke6 Bh4 41. Bf3 Bg5 42. Ke5 Kd7 43. Bh5 Be7 44. Bg4+ Kc7 45. Ke6 Bh4
46. Be2 Kc6 47. Ke5 Bg5 48. Bb5+ Kc7 49. Be8 Kb7 50. Kd6 Bh4 51. Bh5 Ka7 52.
Bf3 Kb8 53. Kd7 Ka7 54. Kc7 Be1 55. b5 Bf2 56. Bd1 Bd4 57. Kd7 Bf6 58. Bf3 Bh4
59. Kd6 Bf6 60. Kd5 Bh4 61. Kc6 Bf2 62. Kc7 Bd4 63. Bg4 Bf2 64. Kd6 Bh4 65. Bd1
Bf6 66. Ke6 Bh4 67. Ke5 Bg5 68. Bf3 Kb8 69. Kd6 Bh4 70. Kd5 Ka7  1/2-1/2

[Event "M.Chigorin Memorial 2017 "]
[Site "?????-?????????"]
[Date "2017.10.28"]
[Round "8"]
[Board "17"]
[White "Dai, Changren"]
[Black "Lintchevski, Daniil"]
[Result "1/2-1/2"]
[WhiteElo "2425"]
[BlackElo "2560"]
[PlyCount "80"]
[EventDate "2017.10.21"]
[EventRounds "9"]
[EventCountry "RUS"]

1. e4 c5 2. Nf3 Nc6 3. d4 cxd4 4. Nxd4 Nf6 5. Nc3 e5 6. Nde2 Bb4 7. a3 Ba5 8.
Bg5 h6 9. Bxf6 Qxf6 10. Qd3 O-O 11. g3 d5 12. O-O-O Bg4 13. Nxd5 Qxf2 14. h3
Be6 15. Qe3 Qxe3+ 16. Nxe3 Nd4 17. Nxd4 exd4 18. Rxd4 Bc7 19. g4 Bf4 20. Rd3
Rfd8 21. Kd2 Rdc8 22. Kd1 Bxe3 23. Rxe3 Rc5 24. e5 Rd8+ 25. Bd3 Kf8 26. Kc1 Ke7
27. b4 Rc7 28. Kb2 a5 29. Rf1 axb4 30. axb4 Rd4 31. c3 Rd8 32. Bc2 Rd2 33. Rd1
Rh2 34. Kc1 h5 35. gxh5 Bxh3 36. Rd2 Rh1+ 37. Rd1 Rh2 38. Rd2 Rh1+ 39. Rd1 Rh2
40. Rd2 Rh1+  1/2-1/2

[Event "M.Chigorin Memorial 2017 "]
[Site "?????-?????????"]
[Date "2017.10.28"]
[Round "8"]
[Board "18"]
[White "Ismagambetov, Anuar"]
[Black "Gaifullin, Artur"]
[Result "0-1"]
[WhiteElo "2553"]
[BlackElo "2414"]
[PlyCount "86"]
[EventDate "2017.10.21"]
[EventRounds "9"]
[EventCountry "RUS"]

1. e4 e5 2. Nf3 Nc6 3. Bb5 Nf6 4. Nc3 Bb4 5. O-O O-O 6. d3 Bxc3 7. bxc3 d6 8.
h3 Ne7 9. Nh4 c6 10. Bc4 d5 11. exd5 Nexd5 12. Bd2 e4 13. Re1 Nb6 14. Bb3 exd3
15. cxd3 Qxd3 16. Re3 Qd8 17. Nf3 Nbd5 18. Re1 Bf5 19. c4 Nc7 20. Qc1 Ne6 21.
Be3 c5 22. Qb2 Qc7 23. Nh4 Be4 24. f3 Bg6 25. Qf2 Nh5 26. Nxg6 hxg6 27. Bc2
Rad8 28. a4 Nd4 29. Be4 Nf6 30. Bb1 Rfe8 31. Ra3 Re6 32. Rd1 Rde8 33. Bxd4 Re2
34. Qh4 cxd4 35. Bd3 g5 36. Qxg5 Re1+ 37. Rxe1 Rxe1+ 38. Kf2 Qe7 39. Qd2 Rh1
40. Rb3 Nh5 41. f4 Qh4+ 42. Kf3 Re1 43. Be2 f5  0-1

[Event "M.Chigorin Memorial 2017 "]
[Site "?????-?????????"]
[Date "2017.10.28"]
[Round "8"]
[Board "19"]
[White "Ofitserian, Boris"]
[Black "Levin, Evgeny A."]
[Result "1/2-1/2"]
[WhiteElo "2402"]
[BlackElo "2545"]
[PlyCount "40"]
[EventDate "2017.10.21"]
[EventRounds "9"]
[EventCountry "RUS"]

1. c4 Nf6 2. Nc3 e6 3. Nf3 b6 4. e3 Bb7 5. d4 d5 6. cxd5 exd5 7. g3 Nbd7 8. Bg2
Bd6 9. O-O O-O 10. b3 a6 11. Bb2 Qe7 12. Rc1 Rfe8 13. Ne1 Ne4 14. Nd3 g6 15.
Qc2 Rac8 16. Nf4 Ndf6 17. Nce2 Ng4 18. Nc3 Ngf6 19. Nce2 Ng4 20. Nc3 Ngf6
 1/2-1/2

[Event "M.Chigorin Memorial 2017 "]
[Site "?????-?????????"]
[Date "2017.10.28"]
[Round "8"]
[Board "20"]
[White "Steinberg, Nitzan"]
[Black "Meribanov, Vitaly"]
[Result "1-0"]
[WhiteElo "2524"]
[BlackElo "2386"]
[PlyCount "49"]
[EventDate "2017.10.21"]
[EventRounds "9"]
[EventCountry "RUS"]

1. e4 c5 2. Nf3 e6 3. d4 cxd4 4. Nxd4 Nc6 5. Nc3 Nf6 6. a3 Be7 7. f4 d6 8. Be2
O-O 9. O-O e5 10. Nb3 a5 11. f5 a4 12. Nd2 d5 13. Nxd5 Nxd5 14. exd5 Qxd5 15.
Bd3 Rd8 16. Kh1 b5 17. Qh5 Bb7 18. f6 g6 19. Qh4 Bf8 20. Ne4 Nd4 21. Bh6 Kh8
22. Rae1 Qc6 23. Bxf8 Rxf8 24. Qh6 Ne6 25. Rf3  1-0

[Event "M.Chigorin Memorial 2017 "]
[Site "?????-?????????"]
[Date "2017.10.28"]
[Round "8"]
[Board "21"]
[White "Vakhidov, Jakhongir"]
[Black "Vastrukhin, Oleg"]
[Result "1/2-1/2"]
[WhiteElo "2498"]
[BlackElo "2386"]
[PlyCount "84"]
[EventDate "2017.10.21"]
[EventRounds "9"]
[EventCountry "RUS"]

1. d4 g6 2. c4 Bg7 3. e4 d6 4. Nc3 e5 5. Nge2 exd4 6. Nxd4 Ne7 7. Be3 Nbc6 8.
h4 h5 9. Qd2 Ne5 10. Be2 a6 11. f3 c5 12. Nc2 Be6 13. Na3 N7c6 14. Bg5 f6 15.
Be3 Qd7 16. Nd5 Rd8 17. Nc2 O-O 18. O-O f5 19. exf5 Bxf5 20. Rad1 Kh7 21. a3
Rde8 22. b4 Bxc2 23. Qxc2 Qf5 24. Qxf5 Rxf5 25. Rfe1 Nd4 26. Bxd4 cxd4 27. f4
Ng4 28. Bd3 Rff8 29. Ne7 Rf6 30. f5 Ne3 31. fxg6+ Kh6 32. Nf5+ Rxf5 33. Bxf5
Re5 34. Bd3 Nxd1 35. Rxd1 Re3 36. a4 Bf6 37. Bf5 Rb3 38. b5 a5 39. Be4 b6 40.
Rf1 Bg7 41. Rf5 Re3 42. Bf3 Re5  1/2-1/2

[Event "M.Chigorin Memorial 2017 "]
[Site "?????-?????????"]
[Date "2017.10.28"]
[Round "8"]
[Board "22"]
[White "Bellaiche, Anthony"]
[Black "Vaishali, R"]
[Result "1-0"]
[WhiteElo "2493"]
[BlackElo "2330"]
[PlyCount "83"]
[EventDate "2017.10.21"]
[EventRounds "9"]
[EventCountry "RUS"]

1. d4 Nf6 2. c4 g6 3. Nc3 d5 4. cxd5 Nxd5 5. e4 Nxc3 6. bxc3 Bg7 7. Nf3 c5 8.
Be3 O-O 9. Rc1 Qa5 10. Qd2 Bg4 11. d5 Nd7 12. Ng5 Nb6 13. h3 Bd7 14. c4 Qa3 15.
Bd3 e6 16. O-O exd5 17. exd5 Na4 18. h4 Rae8 19. h5 b6 20. Qe2 f5 21. hxg6 hxg6
22. Rfe1 Bc3 23. Red1 f4 24. Bxg6 fxe3 25. Bxe8 exf2+ 26. Kf1 Rxe8 27. Qd3 Kg7
28. Qh7+ Kf6 29. Ne4+ Rxe4 30. Qxe4 Be5 31. Rc2 Qg3 32. Rxf2+ Kg7 33. Re1 Bd6
34. Re3 Qh2 35. Ref3 Qh1+ 36. Ke2 Qh5 37. Kd2 Be8 38. Qe6 Be5 39. Qe7+ Kh6 40.
g4 Qxg4 41. Qxe5 Bg6 42. Rh2+  1-0